LIBRARY & INFORMATION CENTRE, KCAET, TAVANUR

ONLINE PUBLIC ACCESS CATALOGUE (OPAC)

Banking systems of great britain, France , Germany, & United state of america / (Record no. 2127)

MARC details
000 -LEADER
fixed length control field 00582cam a2200217ua 4500
041 ## - LANGUAGE CODE
Language code of text/sound track or separate title eng
082 ## - DEWEY DECIMAL CLASSIFICATION NUMBER
Classification number 332.1
Item number BEC/BA
100 ## - MAIN ENTRY--AUTHOR NAME
Personal name Beckhart, Benjamin haggott .
245 ## - TITLE STATEMENT
Title Banking systems of great britain, France , Germany, & United state of america /
250 ## - EDITION STATEMENT
Edition statement 1 /
260 ## - PUBLICATION, DISTRIBUTION, ETC. (IMPRINT)
Place of publication Mumbai :
Name of publisher Times of India press ,
Year of publication 1964.
300 ## - PHYSICAL DESCRIPTION
Number of Pages 1009 ; .
500 ## - GENERAL NOTE
General note **Reference
942 ## - ADDED ENTRY ELEMENTS (KOHA)
Koha item type Books
Holdings
Withdrawn status Lost status Damaged status Home library Current library Date acquired Full call number Accession Number Koha item type
Withdrawn   Damaged KAUAET KAUAET 07/04/2012 332.1 10784 Books
Withdrawn     KAUAET Sanskrit University 07/04/2012 332.1 5183 Books
Withdrawn     KAUAET Sanskrit University 07/04/2012 332.1 10785 Reference
free website counter